Sports Quiz

Random Sports or Hockey Quiz

Pittsburgh Penguins Hockey Hall of Famers Quiz Stats

 Plays Quiz not verified by Sporcle

Score 0/12 Timer 05:00
0 Plays Today
years with team player % Correct
1984-85 to 1996-97, 2000-01 to 2005-06Mario Lemieux
99.1%
1990-91 to 1997-98Ron Francis
87.2%
1987-88 to 1991-92Paul Coffey
85.3%
1990-91 to 1994-95Larry Murphy
70.6%
1988-89 to 1991-92, 2005-06, 2006-07 to 2007-08Mark Recchi
66.7%
1990-91 to 1991-92, 1993-94Bryan Trottier
66.1%
1994-95Luc Robitaille
56.9%
1990-91 to 1994-95, 1996-97Joe Mullen
53.2%
1995-96Sergei Zubov
50%
1967-68, 1970-71Andy Bathgate
34.9%
1971-72Tim Horton
24.8%
1967-68 to 1968-69Leo Boivin
19.3%

You're not logged in!

Compare scores with friends on all Sporcle quizzes.
OR
Log In

Show Comments

Extras

Top Quizzes Today


Score Distribution

Your Account Isn't Verified!

In order to create a playlist on Sporcle, you need to verify the email address you used during registration. Go to your Sporcle Settings to finish the process.

Report this User

Report this user for behavior that violates our Community Guidelines.

Details: